000 00212 a2200097 4500
001 47187
100 _aDalderup, L
245 _aThe War in Outline
260 _aLondon
_bFaber & Faber
_c
090 _c30243
_d30243
942 _aNUST-CAE
_cM
_c22496
999 _c282260
_d282260